<?xml version="1.0" encoding="UTF-8"?>
<marc:record xmlns:marc="http://www.loc.gov/MARC21/slim">
   <marc:leader>00000nam a2200000 a 4500</marc:leader>
   <marc:datafield ind1="1" ind2=" " tag="100">
      <marc:subfield code="a">Boehme, Julia</marc:subfield>
      <marc:subfield code="4">aut</marc:subfield>
      <marc:subfield code="e">Verfasser/-in</marc:subfield>
   </marc:datafield>
   <marc:datafield ind1=" " ind2=" " tag="653">
      <marc:subfield code="a">Erdmännchen</marc:subfield>
   </marc:datafield>
   <marc:datafield ind1=" " ind2=" " tag="653">
      <marc:subfield code="a">Freundschaft</marc:subfield>
   </marc:datafield>
   <marc:datafield ind1=" " ind2=" " tag="653">
      <marc:subfield code="a">Abenteuerreise</marc:subfield>
   </marc:datafield>
   <marc:datafield ind1=" " ind2=" " tag="653">
      <marc:subfield code="a">Kinderbuch</marc:subfield>
   </marc:datafield>
   <marc:datafield ind1=" " ind2=" " tag="653">
      <marc:subfield code="a">Vorlesebücher</marc:subfield>
   </marc:datafield>
   <marc:datafield ind1=" " ind2=" " tag="653">
      <marc:subfield code="a">Bücher wie die Olchis</marc:subfield>
   </marc:datafield>
   <marc:datafield ind1=" " ind2=" " tag="653">
      <marc:subfield code="a">Lesen lernen mit Tafiti</marc:subfield>
   </marc:datafield>
   <marc:datafield ind1=" " ind2=" " tag="653">
      <marc:subfield code="a">Bilderbuch zum Film 2025</marc:subfield>
   </marc:datafield>
   <marc:datafield ind1=" " ind2=" " tag="653">
      <marc:subfield code="a">Bücher von Julia Böhme</marc:subfield>
   </marc:datafield>
   <marc:datafield ind1=" " ind2=" " tag="653">
      <marc:subfield code="a">Lesen lernen Lesen üben</marc:subfield>
   </marc:datafield>
   <marc:datafield ind1=" " ind2=" " tag="653">
      <marc:subfield code="a">Tafiti das Buch zum Film</marc:subfield>
   </marc:datafield>
   <marc:datafield ind1=" " ind2=" " tag="653">
      <marc:subfield code="a">Bücher von Julia Ginsbach</marc:subfield>
   </marc:datafield>
   <marc:datafield ind1=" " ind2=" " tag="653">
      <marc:subfield code="a">Tafiti Bücher Reihenfolge</marc:subfield>
   </marc:datafield>
   <marc:datafield ind1=" " ind2=" " tag="653">
      <marc:subfield code="a">die besten Filme für Kinder 2025</marc:subfield>
   </marc:datafield>
   <marc:datafield ind1=" " ind2=" " tag="653">
      <marc:subfield code="a">lustiges Buch zum ersten Selberlesen</marc:subfield>
   </marc:datafield>
   <marc:datafield ind1=" " ind2=" " tag="653">
      <marc:subfield code="a">lustiges Buch zum Vorlesen ab 4 Jahren</marc:subfield>
   </marc:datafield>
   <marc:datafield ind1=" " ind2=" " tag="653">
      <marc:subfield code="a">Bücher wie der kleine Drache Kokosnuss</marc:subfield>
   </marc:datafield>
   <marc:datafield ind1=" " ind2=" " tag="653">
      <marc:subfield code="a">Erdmännchen Tafiti Pinselohrschwein Pinsel</marc:subfield>
   </marc:datafield>
   <marc:datafield ind1="0" ind2="0" tag="245">
      <marc:subfield code="a">Tafiti - ab durch die Wüste</marc:subfield>
   </marc:datafield>
   <marc:datafield ind1="0" ind2="0" tag="245">
      <marc:subfield code="b">das Vorlesebuch zum Film</marc:subfield>
   </marc:datafield>
   <marc:datafield ind1="0" ind2="0" tag="245">
      <marc:subfield code="c">Boehme, Julia</marc:subfield>
   </marc:datafield>
   <marc:datafield ind1=" " ind2="1" tag="264">
      <marc:subfield code="a">Bindlach</marc:subfield>
      <marc:subfield code="b">Loewe</marc:subfield>
      <marc:subfield code="c">2025</marc:subfield>
   </marc:datafield>
   <marc:datafield ind1=" " ind2=" " tag="250">
      <marc:subfield code="a">1. Auflage</marc:subfield>
   </marc:datafield>
   <marc:datafield ind1="1" ind2=" " tag="520">
      <marc:subfield code="a">Loewe-Bücher: garantiert ohne KI&#xD;
  &#xD;
&#xD;
  &#xD;
Das Vorlesebuch zum Kinofilm&#xD;
  &#xD;
Das kleine Erdmännchen Tafiti wächst mit der Regel auf, dass Erdmännchen nur unter sich bleiben, denn in der Savanne lauern viele Gefahren. „Langweilig!“, denkt Tafiti und eilt dem Pinselohrschwein Pinsel zu Hilfe. Zu dumm, dass sich auch eine Giftschlange einschleicht und Tafitis Großvater Opapa beißt. Die einzige Hoffnung auf Rettung ist die blaue Blume, die jenseits der Wüste blüht. Tafiti macht sich auf die Suche nach dem Heilmittel – und Pinsel folgt ihm. Gemeinsam durchqueren sie in die weite Wüste, wo sie ums Überleben kämpfen und in ihrem größten Abenteuer zusammenwachsen. Ob sie Opapa das Leben retten können?&#xD;
  &#xD;
&#xD;
  &#xD;
Das Vorlesebuch zum Film mit zahlreichen exklusiven Filmfotos und stimmungsvollen Illustrationen - besonders geeignet zum gemeinsamen Lesen und Vorlesen. Ein spannendes Abenteuer über wahre Freundschaft für die ganze Familie! &#xD;
  &#xD;
 &#xD;
   &#xD;
   Mit zahlreichen exklusiven Filmfotos und liebevollen Zeichnungen von Julia Ginsbach &#xD;
   Besonders geeignet zum gemeinsamen Lesen und Vorlesen &#xD;
   Spannungsgeladen, actionreich und humorvoll – ein Abenteuer für die ganze Familie! &#xD;
   Eine wundervolle Geschichte über wahre Freundschaft, Mitgefühl und Zusammenhalt &#xD;
   Eine völlig neue Erzählung, wie Tafiti und Pinsel sich kennenlernen, erwartet die Leser*innen. Ein Muss für neue und alte Tafiti-Fans!&#xD;
  &#xD;
  &#xD;
Ausgezeichnet mit dem Publikumspreis des Münchner Filmfests CineKindl Audience Award</marc:subfield>
   </marc:datafield>
   <marc:datafield ind1=" " ind2=" " tag="020">
      <marc:subfield code="a">9783743221628</marc:subfield>
      <marc:subfield code="9">9783743221628</marc:subfield>
   </marc:datafield>
   <marc:datafield ind1=" " ind2=" " tag="020">
      <marc:subfield code="a">3743221624</marc:subfield>
      <marc:subfield code="9">3743221624</marc:subfield>
   </marc:datafield>
   <marc:datafield ind1=" " ind2=" " tag="041">
      <marc:subfield code="a">ger</marc:subfield>
   </marc:datafield>
   <marc:datafield ind1=" " ind2=" " tag="300">
      <marc:subfield code="b">Illustrationen</marc:subfield>
   </marc:datafield>
   <marc:datafield ind1="1" ind2=" " tag="521">
      <marc:subfield code="a">Kind</marc:subfield>
   </marc:datafield>
   <marc:datafield ind1=" " ind2=" " tag="338">
      <marc:subfield code="a">Band</marc:subfield>
   </marc:datafield>
   <marc:datafield ind1=" " ind2=" " tag="300">
      <marc:subfield code="a">124 Seiten</marc:subfield>
   </marc:datafield>
</marc:record>
